All Radio Stations in Grand Theft Auto - Statistics

General Stats
  • This quiz has been taken 100 times
  • The average score is 23 of 118
Answer Stats
Answer % Correct
Radio Los Santos
84%
Radio X
73%
Flash FM
55%
The Classics
55%
Non-Stop-Pop FM
51%
K-DST
48%
K-JAH
48%
K-Rose
47%
Los Santos Rock Radio
43%
V-Rock
43%
Emotion 98.3
39%
Liberty Rock Radio
38%
Radio Mirror Park
38%
Playback FM
37%
Bounce FM
35%
Channel X
34%
Vladivostok FM
34%
Head Radio
33%
K-JAH West
33%
Lips 106
33%
WCTR
33%
Vinewood Boulevard Radio
31%
Flashback 95.6
30%
Flashback FM
30%
Radio Espantoso
30%
Wildstyle
30%
Blaine County Talk Radio
29%
Fever 105
29%
SF-UR
29%
Vice City FM
29%
Wave 103
29%
Rebel Radio
28%
Chatterbox FM
27%
Double Clef FM
27%
The Lab
27%
Master Sounds 98.3
26%
CSR 103.9
25%
West Coast Classics
25%
East Los FM
24%
Game Radio
22%
MSX 98
22%
MSX FM
22%
Space 103.2
22%
VCPR
22%
Blue Ark
21%
FlyLo FM
21%
K-Chat
21%
Liberty City Hardcore
19%
Rise FM
19%
The Beat 102.7
19%
Radio Broker
18%
The Vibe 98.8
18%
San Juan Sounds
17%
Soulwax FM
17%
WorldWide FM
17%
Electro-Choc
16%
Radio Del Mundo
15%
The Lowdown 91.1
15%
Paradise FM
13%
Tuff Gong
13%
Ram Jam FM
12%
Fresh 105 FM
11%
Los Santos Underground Radio
11%
The Journey
11%
Integrity 2.0
10%
Jazz Nation Radio 108.5
10%
The Liberty Jam
10%
VCFL
10%
K109 The Studio
9%
Massive B Soundsystem
9%
Self-Actualization FM
9%
Fusion FM
8%
Futuro FM
7%
KGBH
7%
LCFR
7%
Public Liberty Radio
7%
WKTT Talk Radio
7%
Alchemist
6%
blonded Los Santos 97.8 FM
6%
Brooklyn Underground FM
6%
It's Unleashed FM
6%
KREZ
6%
Lithium FM
6%
Lo-Fi FM
6%
Osmosis Radio
6%
Radio 7
6%
Rockstar Radio
6%
Anvil
4%
Bush Sounds
4%
Deadmau5
4%
GTA Pomp
4%
GTA Spy Theme
4%
Heavenly Radio
4%
Heavy Heavy Monster Sound
4%
IF99
4%
King 130.7
4%
N-CT FM
4%
Radio '76 FM
4%
The Fergus Buckner Show FM
4%
The Fix FM
4%
Ticklah
4%
Tortoise
4%
Truth & Soul
4%
Turntables on the Hudson
4%
Westminster Wireless
4%
Blow Upradio
3%
DJ Khalil
3%
Kaleidoscope
3%
Radio Andorra
3%
Radio Penelope
3%
Austin Allegro Chase
2%
DFA
2%
Prairie Cartel
2%
Sound of Soho
2%
Sinoway FM
1%
No matching quizzes found
Score Distribution
Percent of People with Each Score
Percentile by Number Answered
Your Score History
You have not taken this quiz